Quantitative Aptitude/ (Record no. 214125)

MARC details
000 -LEADER
fixed length control field 00647nam a22002057a 4500
005 - DATE AND TIME OF LATEST TRANSACTION
control field 20260114144723.0
010 ## - LCCN (DPL NO)
LC control number ENG-147458
020 ## - INTERNATIONAL STANDARD BOOK NUMBER
International Standard Book Number 9789361591785
Terms of availability 895.00
035 ## - SYSTEM CONTROL NUMBER
System control number EN-130990
037 ## - SOURCE OF ACQUISITION
Source of stock number/acquisition DBAD
082 ## - DEWEY DECIMAL CLASSIFICATION NUMBER
Classification number 000
Edition number 5
100 ## - MAIN ENTRY--PERSONAL NAME
Personal name Khattar, Dinesh
245 ## - TITLE STATEMENT
Title Quantitative Aptitude/
Statement of responsibility, etc Dinesh Khattar
250 ## - EDITION STATEMENT
Edition statement 5
260 ## - PUBLICATION, DISTRIBUTION, ETC. (IMPRINT)
Place of publication, distribution, etc Uttar Pradesh
Name of publisher, distributor, etc Pearson india education service PVT LTD
Date of publication, distribution, etc 2026
270 ## - ADDRESS
City Uttar Pradesh
Address 1st Floor Berger Tower Plot No. C-001A/2 Sector 16B Noida
Postal code 201301
300 ## - PHYSICAL DESCRIPTION
Extent vpp.;
Dimensions 25cm(pb)
Other physical details Index
500 ## - GENERAL NOTE
General note for Competitive Examinations
942 ## - ADDED ENTRY ELEMENTS (KOHA)
Source of classification or shelving scheme Dewey Decimal Classification
Item type English Books
Call number suffix KHA
Classification part 000
Holdings
Withdrawn status Lost status Not for loan Collection code Home library Current library Date acquired Source of acquisition Cost, normal purchase price Full call number Barcode Copy number Cost, replacement price Koha item type
      Non-fiction Janak Puri Janak Puri 14/01/2026 Delivery of Books Act Division 895.00 KHA 000 EN-130990 1 895.00 English Books

© Delhi Public Library
Hit Counter
free hit counter